00785nam a22001937a 4500003000900000008004100009040007100050082002400121110002800145245010400173260003100277300004600308440005700354505008600411650002300497650002300520650002700543650002100570AR-CdUCM190425b ||||| |||| 00| 0 spa d aMUNICIPALIDAD PROVINCIAL DEL CUSCOcBIBLIOTECA MUNICIPAL DEL CUSCO aSalesiano/N°1/1955 aColegio Salesiano Cusco aRevista Colegio Salesiano :bConmemorativa del cincuentenario 1905-1955 /cColegio Salesianos Cusco aCusco.bH.G. Rozas,c1955. a252 páginas. :bilustraciones ;c25 cm. aRevista Colegio Salesiano.nCincuentenario,1905-1955 aContenido: Revista conmemorativa a los 50 años del colegio Salesianos de Cusco. aHistoria del Cusco aColegios del Cusco aHistoria institucional aSalesianos Cusco